[Event "4. Memorial Oliver Gonzalez 2015"]
[Site "Madrid ESP"]
[Date "2015.10.15"]
[Round "6.6"]
[White "Taboas Rodriguez, Daniel"]
[Black "Perez Mitjans, Orelvis"]
[Result "0-1"]
[WhiteElo "2394"]
[BlackElo "2457"]
[PlyCount "74"]
[EventDate "2015.10.10"]
[EventType "swiss"]
[EventRounds "9"]
[EventCountry "ESP"]
[Source "lmi"]
[SourceDate "2015.10.10"]

1. Nf3 Nf6 2. d4 g6 3. c4 c5 4. d5 b5 5. cxb5 a6 6. b6 Qxb6 7. Nc3 Bg7 8. e4
O-O 9. Bd3 d6 10. h3 a5 11. O-O Ba6 12. Re1 Nfd7 13. Rb1 Bxd3 14. Qxd3 Ne5 15.
Nxe5 Bxe5 16. Bg5 Re8 17. Qb5 Qd8 18. Na4 Nd7 19. Bd2 Qc7 20. b3 Reb8 21. Qc4
Bd4 22. Rbc1 Qa7 23. Qe2 Ne5 24. Kf1 f5 25. Nc3 fxe4 26. Nxe4 Qb7 27. Nc3 Rf8
28. f3 Qd7 29. Qe4 Rab8 30. Ke2 Rb4 31. Qc2 c4 32. bxc4 Rc8 33. Ne4 Rcxc4 34.
Bxb4 Rxc2+ 35. Rxc2 Qb5+ 36. Kd1 axb4 37. Ng5 Bc3 0-1

[Event "4. Memorial Oliver Gonzalez 2015"]
[Site "Madrid ESP"]
[Date "2015.10.15"]
[Round "6.7"]
[White "Aryan, Chopra"]
[Black "Starostits, Ilmars"]
[Result "1/2-1/2"]
[WhiteElo "2430"]
[BlackElo "2404"]
[PlyCount "179"]
[EventDate "2015.10.10"]
[EventType "swiss"]
[EventRounds "9"]
[EventCountry "ESP"]
[Source "lmi"]
[SourceDate "2015.10.10"]

1. e4 d6 2. d4 Nf6 3. Nc3 e5 4. Nf3 Nbd7 5. Bc4 Be7 6. a4 O-O 7. O-O c6 8. Re1
a5 9. Bf1 Re8 10. g3 exd4 11. Nxd4 Nc5 12. Bg2 Bf8 13. h3 h6 14. f4 d5 15. e5
Nfe4 16. Nxe4 dxe4 17. Be3 f6 18. exf6 Qxf6 19. Qe2 b6 20. Qf2 Ba6 21. g4 Rad8
22. h4 Rd5 23. g5 Qd6 24. Bh3 hxg5 25. hxg5 g6 26. f5 gxf5 27. Nxf5 Qg6 28. Nh4
Qf7 29. Qxf7+ Kxf7 30. Bf1 Be7 31. Bxa6 Nxa6 32. c4 Rd3 33. Bxb6 Rg3+ 34. Ng2
Rxg5 35. Re2 Bc5+ 36. Bxc5 Nxc5 37. Rf1+ Ke6 38. Rf4 Ke5 39. Rf7 Kd4 40. Rc7
Kd3 41. Kf1 Rh8 42. Nf4+ Kd4 43. Rxc6 Rh1+ 44. Kf2 Rh2+ 45. Kf1 Rh1+ 46. Kf2
e3+ 47. Rxe3 Ne4+ 48. Rxe4+ Kxe4 49. Ne2 Rh2+ 50. Ke1 Re5 51. Kd1 Ke3 52. Nc3
Rxb2 53. Kc1 Rh2 54. Rd6 Rc5 55. Nd1+ Ke4 56. Nb2 Rg5 57. Kb1 Rgg2 58. Rb6 Kd4
59. Rb3 Rd2 60. Ka2 Rde2 61. Kb1 Re3 62. Rb5 Ra3 63. Rd5+ Ke4 64. Rb5 Kd4 65.
Rd5+ Kc3 66. Nd1+ Kxc4 67. Rxa5 Rh1 68. Kc2 Rh2+ 69. Kb1 Rg3 70. Ra8 Kb3 71.
Rb8+ Ka3 72. Rd8 Kxa4 73. Kc1 Kb4 74. Rd2 Rh1 75. Rd8 Rg2 76. Rd2 Rg7 77. Rd8
Rg2 78. Rd2 Rg8 79. Rd7 Ra8 80. Rd5 Rb8 81. Rd7 Kc4 82. Kc2 Rh2+ 83. Rd2 Rxd2+
84. Kxd2 Kd4 85. Kc2 Rc8+ 86. Kb3 Rc1 87. Nb2 Rc3+ 88. Kb4 Rh3 89. Na4 Rh8 90.
Kb5 1/2-1/2

[Event "4. Memorial Oliver Gonzalez 2015"]
[Site "Madrid ESP"]
[Date "2015.10.15"]
[Round "6.8"]
[White "Valles Moreno, Ivan"]
[Black "Plazuelo Pascual, Juan"]
[Result "1/2-1/2"]
[WhiteElo "2417"]
[BlackElo "2302"]
[PlyCount "100"]
[EventDate "2015.10.10"]
[EventType "swiss"]
[EventRounds "9"]
[EventCountry "ESP"]
[Source "lmi"]
[SourceDate "2015.10.10"]

1. e4 e6 2. d4 d5 3. Nc3 Nf6 4. Bg5 Bb4 5. e5 h6 6. Bd2 Bxc3 7. bxc3 Ne4 8. Qg4
Kf8 9. Bc1 c5 10. Bd3 Nxc3 11. dxc5 Qa5 12. Bd2 Qa4 13. h3 Qxg4 14. hxg4 Na4
15. Nf3 Nxc5 16. Bb4 b6 17. Nd4 Kg8 18. f4 Bd7 19. Nf3 Nc6 20. Ba3 Rc8 21. Kd2
Na5 22. Ke3 Ne4 23. Be7 Nc4+ 24. Kd4 Nf2 25. Rh4 Ba4 26. Rf1 Ne4 27. Bb4 a5 28.
Be7 Rc7 29. Rc1 Nb2 30. Rb1 Nc4 31. Bd8 Rc6 32. f5 Kf8 33. f6 gxf6 34. exf6 Ke8
35. Be7 e5+ 36. Nxe5 Nxe5 37. Kxe5 Re6+ 38. Kd4 Nxf6 39. Ba3 Ne4 40. c4 Nd2 41.
Rc1 Nxc4 42. Bf5 Rc6 43. Re1+ Kd8 44. Bc1 Re8 45. Rxe8+ Kxe8 46. Bxh6 Nd6 47.
Kxd5 Nxf5 48. gxf5 Rc7 49. Kd6 Rc6+ 50. Ke5 f6+ 1/2-1/2

[Event "4. Memorial Oliver Gonzalez 2015"]
[Site "Madrid ESP"]
[Date "2015.10.15"]
[Round "6.9"]
[White "Roa Alonso, Santiago"]
[Black "Mueller-Seps, Monika"]
[Result "1-0"]
[WhiteElo "2382"]
[BlackElo "2266"]
[PlyCount "99"]
[EventDate "2015.10.10"]
[EventType "swiss"]
[EventRounds "9"]
[EventCountry "ESP"]
[Source "lmi"]
[SourceDate "2015.10.10"]

1. d4 Nf6 2. c4 g6 3. Nc3 Bg7 4. e4 d6 5. f3 O-O 6. Bg5 c6 7. Qd2 a6 8. h4 Nbd7
9. h5 b5 10. Bh6 e5 11. hxg6 fxg6 12. Bxg7 Kxg7 13. O-O-O Qe7 14. Qh6+ Kg8 15.
Nh3 Nh5 16. Ng5 Ndf6 17. c5 exd4 18. cxd6 Qxd6 19. Nxh7 Nxh7 20. Rxh5 Qf4+ 21.
Qxf4 Rxf4 22. Ne2 Rxe4 23. Rh6 Re6 24. Rxd4 Rf6 25. Rd8+ Nf8 26. Nc3 c5 27. Nd5
Rf7 28. Rxg6+ Kh7 29. Rb6 Kg7 30. Bd3 Bb7 31. Rxa8 Bxa8 32. Ne3 Rf6 33. Nf5+
Kf7 34. Rxf6+ Kxf6 35. Kd2 Ng6 36. Ke3 Ne5 37. Nd6 Ke6 38. Ne4 Kd5 39. Nc3+ Ke6
40. Be2 Bc6 41. g4 b4 42. Ne4 c4 43. Nc5+ Kd6 44. Nxa6 c3 45. bxc3 bxc3 46. Nb4
Ba4 47. f4 Nd7 48. Bd3 Kc5 49. a3 Nf6 50. Bf5 1-0

[Event "4. Memorial Oliver Gonzalez 2015"]
[Site "Madrid ESP"]
[Date "2015.10.15"]
[Round "6.10"]
[White "Moreno Ibanez, Miguel"]
[Black "Martin Duque, Jesus"]
[Result "1-0"]
[WhiteElo "2283"]
[BlackElo "2382"]
[PlyCount "55"]
[EventDate "2015.10.10"]
[EventType "swiss"]
[EventRounds "9"]
[EventCountry "ESP"]
[Source "lmi"]
[SourceDate "2015.10.10"]

1. e4 c5 2. Nf3 e6 3. b3 Nc6 4. Bb2 Nf6 5. e5 Nd5 6. g3 Be7 7. Bg2 f5 8. Na3
O-O 9. O-O Nc7 10. Nc4 b5 11. Nd6 Ba6 12. Re1 Rb8 13. a4 bxa4 14. Rxa4 Rb4 15.
Ra2 Rb6 16. d4 cxd4 17. Nxd4 Nb4 18. Ra4 Ne8 19. c3 Nd3 20. Rxa6 Nxb2 21. Qe2
Rxa6 22. Qxa6 Nxd6 23. exd6 Bf6 24. Qe2 Qa5 25. Qxb2 Bxd4 26. b4 Rb8 27. bxa5
Rxb2 28. cxd4 1-0

[Event "4. Memorial Oliver Gonzalez 2015"]
[Site "Madrid ESP"]
[Date "2015.10.15"]
[Round "6.12"]
[White "Martin Rueda, Daniel"]
[Black "Lianes Garcia, Marcos"]
[Result "1-0"]
[WhiteElo "2314"]
[BlackElo "2099"]
[PlyCount "59"]
[EventDate "2015.10.10"]
[EventType "swiss"]
[EventRounds "9"]
[EventCountry "ESP"]
[Source "lmi"]
[SourceDate "2015.10.10"]

1. e4 g6 2. d4 Bg7 3. Nc3 c5 4. dxc5 Qa5 5. Bd2 Qxc5 6. Nd5 Na6 7. Nf3 e6 8.
Bxa6 bxa6 9. Bb4 Qc6 10. O-O Bb7 11. Bc3 Bxc3 12. Nxc3 Qc5 13. Na4 Qb4 14. c3
Qxe4 15. Nc5 Qd5 16. Nxb7 Qxb7 17. Qd4 f6 18. Rad1 Rd8 19. Rfe1 Qb6 20. Qf4 Ke7
21. Rd4 h5 22. Rb4 Qc6 23. Nd4 Qd5 24. Qc7 e5 25. f4 Qd6 26. Qxa7 Kf7 27. Rb6
Qd5 28. fxe5 fxe5 29. Rf1+ Ke8 30. Ne6 1-0

[Event "4. Memorial Oliver Gonzalez 2015"]
[Site "Madrid ESP"]
[Date "2015.10.16"]
[Round "7.1"]
[White "Grigoryan, Karen H"]
[Black "Ulybin, Mikhail"]
[Result "1-0"]
[WhiteElo "2600"]
[BlackElo "2520"]
[PlyCount "89"]
[EventDate "2015.10.10"]
[EventType "swiss"]
[EventRounds "9"]
[EventCountry "ESP"]
[Source "lmi"]
[SourceDate "2015.10.10"]
[WhiteClock "0:23:20"]
[BlackClock "0:02:26"]

1. Nf3 d5 2. g3 g6 3. c4 d4 4. d3 Bg7 5. b4 e5 6. Nbd2 Ne7 7. Bg2 O-O 8. O-O a5
9. b5 c5 10. bxc6 Nexc6 11. Ne1 Qe7 12. Nc2 Rd8 13. Rb1 Nb4 14. a3 N4a6 15. e3
Nc6 16. exd4 exd4 17. Re1 Qf8 18. Ne4 h6 19. h4 f5 20. Nd2 Nc5 21. Nf3 Na4 22.
Rb5 Nc3 23. Qd2 Re8 24. Bb2 Nxb5 25. cxb5 Rxe1+ 26. Qxe1 Nd8 27. Bxd4 Bd7 28.
Ne5 Be8 29. a4 Rc8 30. Nc4 Bxd4 31. Nxd4 Bf7 32. h5 Qc5 33. hxg6 Bxc4 34. Qe8+
Kg7 35. Qd7+ Kxg6 36. dxc4 Qxc4 37. Qxf5+ Kg7 38. Qe5+ Kf8 39. Bd5 Nf7 40. Qf5
Qc1+ 41. Kg2 Rc7 42. Ne6+ Ke8 43. Nxc7+ Qxc7 44. Bxf7+ Qxf7 45. Qc8+ 1-0

[Event "4. Memorial Oliver Gonzalez 2015"]
[Site "Madrid ESP"]
[Date "2015.10.16"]
[Round "7.2"]
[White "Gleizerov, Evgeny"]
[Black "Del Rio De Angelis, Salvador G"]
[Result "1/2-1/2"]
[WhiteElo "2493"]
[BlackElo "2512"]
[PlyCount "67"]
[EventDate "2015.10.10"]
[EventType "swiss"]
[EventRounds "9"]
[EventCountry "ESP"]
[Source "lmi"]
[SourceDate "2015.10.10"]
[WhiteClock "0:14:52"]
[BlackClock "0:38:55"]

1. d4 e6 2. c4 b6 3. a3 g6 4. e4 Bg7 5. Nf3 Ne7 6. Be2 O-O 7. O-O d5 8. exd5
exd5 9. Nc3 Be6 10. cxd5 Nxd5 11. Bg5 f6 12. Bh4 Nc6 13. Bc4 Nce7 14. Re1 Bf7
15. Ne5 c6 16. Nxf7 Rxf7 17. Qf3 Rc8 18. g4 Qd7 19. Re2 Rcf8 20. Rae1 Kh8 21.
Ne4 h6 22. Bg3 f5 23. Nd6 Rf6 24. Bxd5 Nxd5 25. Ne8 f4 26. Nxf6 Bxf6 27. Re6
fxg3 28. hxg3 Bg7 29. Qd3 g5 30. Qg6 Qf7 31. Qxf7 Rxf7 32. Rxc6 Bxd4 33. Re2
Bg7 34. Kg2 1/2-1/2

[Event "4. Memorial Oliver Gonzalez 2015"]
[Site "Madrid ESP"]
[Date "2015.10.16"]
[Round "7.3"]
[White "Perez Mitjans, Orelvis"]
[Black "Larino Nieto, David"]
[Result "1-0"]
[WhiteElo "2457"]
[BlackElo "2474"]
[PlyCount "101"]
[EventDate "2015.10.10"]
[EventType "swiss"]
[EventRounds "9"]
[EventCountry "ESP"]
[Source "lmi"]
[SourceDate "2015.10.10"]
[WhiteClock "0:02:12"]
[BlackClock "0:05:42"]

1. e4 g6 2. d4 Bg7 3. Nc3 c6 4. h3 d5 5. Nf3 dxe4 6. Nxe4 Nf6 7. Nxf6+ exf6 8.
Bc4 O-O 9. O-O Na6 10. Re1 Nc7 11. Bf4 b5 12. Bb3 a5 13. a3 a4 14. Ba2 Ra7 15.
Qd2 Ne6 16. Bg3 Re8 17. Re2 Rae7 18. Rae1 Bf8 19. Bh4 Ng7 20. Rxe7 Rxe7 21. Rd1
Re4 22. d5 c5 23. d6 Be6 24. Bd5 Bxd5 25. Qxd5 Re6 26. Qxc5 Bxd6 27. Bg3 Bxc5
28. Rxd8+ Re8 29. Rd5 Ne6 30. Bd6 Rd8 31. Rxc5 Rxd6 32. Rxb5 Rd1+ 33. Kh2 Rf1
34. Rb4 Rxf2 35. Rxa4 Rxc2 36. Rb4 g5 37. a4 Nf4 38. a5 Rxg2+ 39. Kh1 Rf2 40.
Nd4 Nd3 41. Rb3 Ne1 42. a6 Rf1+ 43. Kh2 Rf2+ 44. Kg1 Rf4 45. a7 Rxd4 46. a8=Q+
Kg7 47. Rb8 Rd1 48. Rg8+ Kh6 49. Qf8+ Kh5 50. Qxf7+ Kh4 51. Kf2 1-0

[Event "4. Memorial Oliver Gonzalez 2015"]
[Site "Madrid ESP"]
[Date "2015.10.16"]
[Round "7.4"]
[White "Roa Alonso, Santiago"]
[Black "Hovhannisyan, Robert"]
[Result "0-1"]
[WhiteElo "2382"]
[BlackElo "2630"]
[PlyCount "52"]
[EventDate "2015.10.10"]
[EventType "swiss"]
[EventRounds "9"]
[EventCountry "ESP"]
[Source "lmi"]
[SourceDate "2015.10.10"]
[WhiteClock "0:09:25"]
[BlackClock "0:43:55"]

1. Nf3 d5 2. g3 Bg4 3. Bg2 c6 4. d3 Nd7 5. Nbd2 e6 6. O-O Bd6 7. b3 Ngf6 8. Bb2
O-O 9. c4 Qe7 10. a3 a5 11. Re1 Rfe8 12. Qb1 e5 13. cxd5 cxd5 14. e4 d4 15. Nh4
g6 16. h3 Be6 17. Nhf3 Nh5 18. Nc4 Nc5 19. b4 Nb3 20. Nxa5 Nxa1 21. Bxa1 Qd7
22. Ng5 b6 23. Nxe6 bxa5 24. Nc5 Qb5 25. Rc1 Rec8 26. Rc4 Rxc5 0-1

[Event "4. Memorial Oliver Gonzalez 2015"]
[Site "Madrid ESP"]
[Date "2015.10.16"]
[Round "7.5"]
[White "Medarde Santiago, Luis Marcos"]
[Black "Arribas Lopez, Angel"]
[Result "0-1"]
[WhiteElo "2324"]
[BlackElo "2536"]
[PlyCount "64"]
[EventDate "2015.10.10"]
[EventType "swiss"]
[EventRounds "9"]
[EventCountry "ESP"]
[Source "lmi"]
[SourceDate "2015.10.10"]
[WhiteClock "1:12:37"]
[BlackClock "1:11:19"]

1. e4 e6 2. d4 d5 3. Nc3 Nf6 4. Bg5 Be7 5. e5 Nfd7 6. h4 h6 7. Be3 c5 8. Qg4
Bf8 9. dxc5 Nc6 10. O-O-O Ndxe5 11. Qg3 Qa5 12. Kb1 a6 13. f4 Nd7 14. f5 Nxc5
15. Nf3 Bd7 16. fxe6 Bxe6 17. Nd4 O-O-O 18. Be2 Nxd4 19. Rxd4 Bd6 20. Bf4 Bxf4
21. Qxf4 Ne4 22. Rd3 g5 23. Qe3 Kb8 24. Nxe4 dxe4 25. Ra3 Qd5 26. Qg3+ Ka8 27.
b3 Qc5 28. Ra4 Rd2 29. Bc4 Rhd8 30. Rc1 Bd7 31. hxg5 Bxa4 32. gxh6 Qa3 0-1

[Event "4. Memorial Oliver Gonzalez 2015"]
[Site "Madrid ESP"]
[Date "2015.10.16"]
[Round "7.6"]
[White "Sorm, Daniel"]
[Black "Drenchev, Petar"]
[Result "0-1"]
[WhiteElo "2354"]
[BlackElo "2465"]
[PlyCount "62"]
[EventDate "2015.10.10"]
[EventType "swiss"]
[EventRounds "9"]
[EventCountry "ESP"]
[Source "lmi"]
[SourceDate "2015.10.10"]
[WhiteClock "0:02:07"]
[BlackClock "0:45:24"]

1. d4 Nf6 2. c4 g6 3. g3 c5 4. d5 Bg7 5. Nc3 O-O 6. Bg2 d6 7. Nf3 e6 8. O-O
exd5 9. cxd5 Re8 10. Nd2 a6 11. a4 Nbd7 12. Nc4 Ne5 13. Nxe5 Rxe5 14. Bf4 Re8
15. Qd2 b6 16. e4 Ng4 17. Kh1 Rb8 18. Qe2 f5 19. f3 Nf6 20. Rfe1 h6 21. Qd3
fxe4 22. Nxe4 Nxe4 23. Rxe4 Bxb2 24. Re6 Bxe6 25. dxe6 Bxa1 26. Qxg6+ Bg7 27.
Bh3 Qf6 28. Qe4 d5 29. Qxd5 Rbd8 30. Bd6 Rxd6 31. Qxd6 Rd8 0-1

[Event "4. Memorial Oliver Gonzalez 2015"]
[Site "Madrid ESP"]
[Date "2015.10.17"]
[Round "8.1"]
[White "Del Rio De Angelis, Salvador G"]
[Black "Grigoryan, Karen H"]
[Result "0-1"]
[WhiteElo "2512"]
[BlackElo "2600"]
[PlyCount "84"]
[EventDate "2015.10.10"]
[EventType "swiss"]
[EventRounds "9"]
[EventCountry "ESP"]
[Source "lmi"]
[SourceDate "2015.10.10"]

1. d4 d5 2. c4 c6 3. Nf3 Nf6 4. Nc3 dxc4 5. e4 b5 6. e5 Nd5 7. a4 h6 8. Nd2 e6
9. Nde4 b4 10. Nb1 Ba6 11. Nbd2 c3 12. Nc4 Bxc4 13. Bxc4 cxb2 14. Bxb2 Be7 15.
Qg4 O-O 16. Rd1 Nd7 17. Bc1 f5 18. exf6 N7xf6 19. Qxe6+ Kh8 20. Rd3 Qc8 21.
Qxc8 Raxc8 22. Ng3 c5 23. Nf5 cxd4 24. Rxd4 Bc5 25. Rh4 Rce8+ 26. Kf1 Bxf2 27.
g3 Ne3+ 28. Bxe3 Bxe3 29. Kg2 Bc5 30. Rf1 Rd8 31. Bb5 Rd2+ 32. Kh1 Nd5 33. Rc4
Bf2 34. Nh4 Kh7 35. Re4 g5 36. Ng2 Bc5 37. Rxf8 Bxf8 38. Bc4 Nb6 39. Bb3 Rb2
40. Bd1 Rb1 41. Rd4 Bc5 42. Rd8 Nc4 0-1

[Event "4. Memorial Oliver Gonzalez 2015"]
[Site "Madrid ESP"]
[Date "2015.10.17"]
[Round "8.2"]
[White "Perez Mitjans, Orelvis"]
[Black "Gleizerov, Evgeny"]
[Result "1-0"]
[WhiteElo "2457"]
[BlackElo "2493"]
[PlyCount "50"]
[EventDate "2015.10.10"]
[EventType "swiss"]
[EventRounds "9"]
[EventCountry "ESP"]
[Source "lmi"]
[SourceDate "2015.10.10"]

1. e4 e6 2. d4 d5 3. Nd2 Nf6 4. e5 Nfd7 5. Bd3 c5 6. c3 Nc6 7. Ngf3 cxd4 8.
cxd4 f6 9. exf6 Nxf6 10. O-O Bd6 11. b3 O-O 12. Bb2 Bd7 13. Ne5 Be8 14. f4 Qb6
15. Kh1 Nxd4 16. Ndc4 dxc4 17. Bxd4 Bc5 18. Bxc5 Qxc5 19. Bxc4 Nd5 20. Rc1 Rd8
21. Qg4 Qe7 22. Rce1 b5 23. Bd3 Rf6 24. Qg3 Bh5 25. Nc6 Qe8 1-0

[Event "4. Memorial Oliver Gonzalez 2015"]
[Site "Madrid ESP"]
[Date "2015.10.17"]
[Round "8.3"]
[White "Hovhannisyan, Robert"]
[Black "Drenchev, Petar"]
[Result "1-0"]
[WhiteElo "2630"]
[BlackElo "2465"]
[PlyCount "117"]
[EventDate "2015.10.10"]
[EventType "swiss"]
[EventRounds "9"]
[EventCountry "ESP"]
[Source "lmi"]
[SourceDate "2015.10.10"]

1. e4 c5 2. Nf3 d6 3. d4 cxd4 4. Nxd4 Nf6 5. Nc3 g6 6. Be3 Bg7 7. f3 Nc6 8. Qd2
O-O 9. g4 Be6 10. O-O-O Nxd4 11. Bxd4 Qa5 12. Kb1 Rfc8 13. a3 Rab8 14. h4 b5
15. Nd5 Qxd2 16. Rxd2 Nxd5 17. exd5 Bxd4 18. Rxd4 Bd7 19. Bd3 h6 20. g5 Kg7 21.
Re1 Re8 22. Rde4 hxg5 23. hxg5 e5 24. dxe6 Rxe6 25. b4 Rh8 26. Kb2 Rh3 27. f4
Rh4 28. R1e2 Kf8 29. Rd4 Rxe2 30. Bxe2 Ke7 31. Bd3 Rh8 32. Kc3 Rb8 33. Re4+ Be6
34. Kd4 Kd7 35. Re2 a6 36. Rh2 Rc8 37. Rh7 Kc6 38. Rh1 Kb6 39. Rh2 a5 40. Rh1
axb4 41. axb4 Ra8 42. Rh7 Ra4 43. c3 Ra8 44. Rh1 Rc8 45. Ra1 Bc4 46. Be4 Be6
47. Bd5 Bxd5 48. Kxd5 Rxc3 49. Kxd6 Re3 50. Rc1 Re6+ 51. Kd5 Re2 52. Rc6+ Kb7
53. Rf6 Re7 54. Kc5 Rd7 55. Kxb5 Rd5+ 56. Kc4 Rd7 57. Kc5 Kc7 58. b5 Kb7 59. b6
1-0

[Event "4. Memorial Oliver Gonzalez 2015"]
[Site "Madrid ESP"]
[Date "2015.10.17"]
[Round "8.4"]
[White "Arribas Lopez, Angel"]
[Black "Plazuelo Pascual, Juan"]
[Result "1/2-1/2"]
[WhiteElo "2536"]
[BlackElo "2302"]
[PlyCount "66"]
[EventDate "2015.10.10"]
[EventType "swiss"]
[EventRounds "9"]
[EventCountry "ESP"]
[Source "lmi"]
[SourceDate "2015.10.10"]

1. e4 e6 2. d4 d5 3. Nc3 Nf6 4. e5 Nfd7 5. f4 c5 6. Nf3 Nc6 7. Be3 Be7 8. Qd2
O-O 9. dxc5 Nxc5 10. Nd4 a6 11. Qf2 Qa5 12. O-O-O Nxd4 13. Bxd4 Na4 14. Nxa4
Qxa4 15. Kb1 Bd7 16. Bd3 Bb5 17. f5 Bxd3 18. Rxd3 exf5 19. Qxf5 Rac8 20. Bc3
Qc6 21. Rhd1 Rcd8 22. Qf3 f6 23. exf6 Bxf6 24. Rxd5 Rxd5 25. Qxd5+ Qxd5 26.
Rxd5 Bxc3 27. bxc3 Rf2 28. Rg5 Kf7 29. Rg3 Kf6 30. c4 g5 31. h4 gxh4 32. Rg4 h5
33. Rxh4 Kg5 1/2-1/2

[Event "4. Memorial Oliver Gonzalez 2015"]
[Site "Madrid ESP"]
[Date "2015.10.17"]
[Round "8.5"]
[White "Ulybin, Mikhail"]
[Black "Starostits, Ilmars"]
[Result "1-0"]
[WhiteElo "2520"]
[BlackElo "2404"]
[PlyCount "67"]
[EventDate "2015.10.10"]
[EventType "swiss"]
[EventRounds "9"]
[EventCountry "ESP"]
[Source "lmi"]
[SourceDate "2015.10.10"]

1. d4 Nf6 2. c4 g6 3. Nc3 d5 4. cxd5 Nxd5 5. Bd2 Bg7 6. e4 Nb6 7. Be3 O-O 8. h3
f5 9. exf5 Bxf5 10. Nf3 a5 11. Bb5 Nc6 12. a3 Qd6 13. O-O Rad8 14. Re1 Kh8 15.
Rc1 Nd5 16. Bg5 Nxc3 17. bxc3 h6 18. Bh4 g5 19. Bg3 Qxa3 20. Bxc7 Rc8 21. Bg3
e6 22. Qd2 Qb3 23. Bxc6 Rxc6 24. Be5 a4 25. h4 Rfc8 26. hxg5 Rxc3 27. Bxg7+
Kxg7 28. gxh6+ Kh7 29. Qg5 Rg8 30. Qf6 Bg6 31. Rxc3 Qxc3 32. Rxe6 Qa5 33. Re7+
Kxh6 34. Qf4+ 1-0

[Event "4. Memorial Oliver Gonzalez 2015"]
[Site "Madrid ESP"]
[Date "2015.10.17"]
[Round "8.6"]
[White "Valles Moreno, Ivan"]
[Black "Larino Nieto, David"]
[Result "1-0"]
[WhiteElo "2417"]
[BlackElo "2474"]
[PlyCount "132"]
[EventDate "2015.10.10"]
[EventType "swiss"]
[EventRounds "9"]
[EventCountry "ESP"]
[Source "lmi"]
[SourceDate "2015.10.10"]

1. e4 d6 2. d4 Nf6 3. Nc3 e5 4. Nf3 Nbd7 5. Bc4 Be7 6. O-O Nb6 7. Be2 exd4 8.
Nxd4 O-O 9. Bf3 Re8 10. b3 Nfd7 11. g3 Bf6 12. Rb1 Ne5 13. Bg2 Bg4 14. f3 Bd7
15. Nde2 Qc8 16. Nf4 Nc6 17. Ncd5 Nxd5 18. Nxd5 Bd4+ 19. Kh1 a5 20. c3 Ba7 21.
Bb2 b5 22. Qd2 Nd8 23. c4 Ne6 24. f4 c6 25. f5 cxd5 26. fxe6 Rxe6 27. cxd5 Rh6
28. Rbc1 Qe8 29. Rc7 f6 30. Bd4 Bxd4 31. Qxd4 Qh5 32. h4 Bg4 33. Kg1 Rf8 34.
Qa7 Rg6 35. Kh2 Qe5 36. Re7 Qc3 37. Qc7 Qb4 38. Rc1 h5 39. Qc3 Qa3 40. Qd2 Kh7
41. Rcc7 Rc8 42. Rxc8 Bxc8 43. Re8 Qc5 44. Bf3 Bg4 45. Bxg4 Rxg4 46. Kg2 b4 47.
Qf2 Qxf2+ 48. Kxf2 f5 49. exf5 Rd4 50. Ke3 Rxd5 51. Rf8 Rc5 52. Kf4 Rc2 53. Kg5
Rg2 54. Kxh5 Rxg3 55. Ra8 Re3 56. Rxa5 Re5 57. Rxe5 dxe5 58. Kg4 Kh6 59. Kf3
Kh5 60. Ke4 Kxh4 61. Kxe5 Kg5 62. Ke4 Kg4 63. Ke5 Kg5 64. Ke6 Kf4 65. f6 gxf6
66. Kxf6 Ke4 1-0

[Event "4. Memorial Oliver Gonzalez 2015"]
[Site "Madrid ESP"]
[Date "2015.10.18"]
[Round "9.1"]
[White "Grigoryan, Karen H"]
[Black "Perez Mitjans, Orelvis"]
[Result "1/2-1/2"]
[WhiteElo "2600"]
[BlackElo "2457"]
[PlyCount "67"]
[EventDate "2015.10.10"]
[EventType "swiss"]
[EventRounds "9"]
[EventCountry "ESP"]
[Source "lmi"]
[SourceDate "2015.10.10"]

1. d4 d5 2. c4 Nc6 3. Nc3 Nf6 4. Nf3 dxc4 5. e4 Bg4 6. Be3 e6 7. Bxc4 Bb4 8.
Qd3 O-O 9. a3 Ba5 10. Nd2 Bb6 11. Nb3 e5 12. d5 Ne7 13. Nc5 Bc8 14. b4 Ng6 15.
f3 Ne8 16. O-O Nd6 17. Ba2 Qe7 18. Qd2 h6 19. Kh1 Bd7 20. Rfc1 Rfd8 21. Bb3 Be8
22. N3a4 Bxa4 23. Bxa4 a5 24. Bb3 Ra7 25. Nd3 Bxe3 26. Qxe3 Rda8 27. a4 axb4
28. Nxb4 Nb5 29. Nc2 Nd6 30. Nb4 Nb5 31. Nc2 Nd6 32. Qc5 Nf4 33. Ne1 b5 34. Nc2
1/2-1/2

[Event "4. Memorial Oliver Gonzalez 2015"]
[Site "Madrid ESP"]
[Date "2015.10.18"]
[Round "9.2"]
[White "Valles Moreno, Ivan"]
[Black "Hovhannisyan, Robert"]
[Result "0-1"]
[WhiteElo "2417"]
[BlackElo "2630"]
[PlyCount "114"]
[EventDate "2015.10.10"]
[EventType "swiss"]
[EventRounds "9"]
[EventCountry "ESP"]
[Source "lmi"]
[SourceDate "2015.10.10"]

1. e4 c6 2. d4 d5 3. e5 Bf5 4. Nf3 e6 5. Be2 Ne7 6. O-O h6 7. Nbd2 Nd7 8. Nb3
Bg6 9. Bd2 Nf5 10. Rc1 Be7 11. g4 Nh4 12. Nxh4 Bxh4 13. f4 O-O 14. Be3 f5 15.
gxf5 Bxf5 16. Bg4 Qe8 17. h3 Qg6 18. Kh2 h5 19. Bxf5 Bg3+ 20. Kh1 Qxf5 21. Kg2
Qg6 22. Kh1 Rf7 23. Qd3 Qxd3 24. cxd3 Raf8 25. f5 Rxf5 26. Rxf5 Rxf5 27. Na5
Rf3 28. Bg1 Bf4 29. Rd1 Rxh3+ 30. Kg2 Rg3+ 31. Kf1 h4 32. Nxb7 h3 33. Nd8 Rg6
34. Nxc6 Rh6 35. Re1 h2 36. Bxh2 Rxh2 37. Re2 Rh1+ 38. Kg2 Ra1 39. b4 a6 40.
Nd8 Nf8 41. Kf3 g5 42. Rc2 Rf1+ 43. Kg4 Rg1+ 44. Kh5 Rh1+ 45. Kg4 Rh4+ 46. Kf3
Rh3+ 47. Kg4 Rxd3 48. Rc6 Rxd4 49. Nxe6 Nxe6 50. Rxe6 Rxb4 51. Kf5 Re4 52. Kf6
Kf8 53. Rxa6 Rxe5 54. Ra8+ Re8 55. Ra7 Rb8 56. Rd7 Rb6+ 57. Kf5 Rd6 0-1

[Event "4. Memorial Oliver Gonzalez 2015"]
[Site "Madrid ESP"]
[Date "2015.10.18"]
[Round "9.3"]
[White "Ulybin, Mikhail"]
[Black "Arribas Lopez, Angel"]
[Result "1-0"]
[WhiteElo "2520"]
[BlackElo "2536"]
[PlyCount "53"]
[EventDate "2015.10.10"]
[EventType "swiss"]
[EventRounds "9"]
[EventCountry "ESP"]
[Source "lmi"]
[SourceDate "2015.10.10"]

1. e4 c5 2. Nf3 d6 3. Bb5+ Nc6 4. Bxc6+ bxc6 5. O-O e5 6. c3 Nf6 7. d4 cxd4 8.
cxd4 Qc7 9. dxe5 dxe5 10. Qc2 Nd7 11. Be3 Bd6 12. Nbd2 Ba6 13. Rfc1 Rc8 14. Nc4
Bb5 15. Nxd6+ Qxd6 16. Rd1 Qb4 17. Rxd7 Kxd7 18. Bc5 Qa5 19. Nxe5+ Kc7 20. Nxf7
Rhg8 21. a4 Kb8 22. b4 Qa6 23. Nd6 Rcd8 24. Qc3 Be2 25. b5 cxb5 26. axb5 Rxd6
27. bxa6 1-0

[Event "4. Memorial Oliver Gonzalez 2015"]
[Site "Madrid ESP"]
[Date "2015.10.18"]
[Round "9.4"]
[White "Rubio Mejia, Luis Ignacio"]
[Black "Del Rio De Angelis, Salvador G"]
[Result "0-1"]
[WhiteElo "2456"]
[BlackElo "2512"]
[PlyCount "70"]
[EventDate "2015.10.10"]
[EventType "swiss"]
[EventRounds "9"]
[EventCountry "ESP"]
[Source "lmi"]
[SourceDate "2015.10.10"]

1. d4 e6 2. c4 b6 3. e4 Bb7 4. Bd3 f5 5. exf5 Bb4+ 6. Kf1 Nf6 7. Nf3 O-O 8. a3
Bd6 9. Nc3 exf5 10. Bxf5 Qe8 11. Bg5 Qh5 12. h4 Ng4 13. Be4 Bxe4 14. Nxe4 Nc6
15. Nxd6 cxd6 16. Kg1 Qf7 17. Qd3 d5 18. Rc1 Rae8 19. cxd5 Qxd5 20. Rh3 Re4 21.
Be3 h6 22. Nd2 Re6 23. Qc4 Qh5 24. d5 Nce5 25. Qd4 Rg6 26. f3 Nxe3 27. Qxe3 Qf5
28. h5 Rd6 29. Ne4 Rxd5 30. Qb3 Qe6 31. Rg3 Kh8 32. Nc3 Nxf3+ 33. Rxf3 Rxf3 34.
Qxd5 Qe3+ 35. Kh2 Qf4+ 0-1